[Event "RUS Cup tt"]
[Site "Sochi"]
[Date "2023.12.02"]
[Round "6.15"]
[White "Anfinogenov, Artem"]
[Black "Novozhilov, Alexandr"]
[Result "1-0"]
[WhiteElo "1930"]
[BlackElo "1846"]
[PlyCount "83"]
[EventDate "2023.11.27"]
[EventType "team-swiss"]
[EventRounds "7"]
[EventCountry "RUS"]
[SourceTitle "CB49_2023"]
[SourceDate "2023.12.06"]
[SourceVersion "1"]
[SourceVersionDate "2023.12.06"]
[SourceQuality "1"]
[WhiteTeam "Sport lits s Poda"]
[BlackTeam "Kherson"]
[WhiteTeamCountry "RUS"]
[BlackTeamCountry "RUS"]

1. c4 e5 2. g3 Nf6 3. Bg2 c6 4. d4 exd4 5. Qxd4 d5 6. Nf3 Be6 7. cxd5 cxd5 8. 0-0 Nc6 9. Qa4 Bd6 10. Nd4 Bd7 11. Nxc6 bxc6 12. Bg5 0-0 13. Nc3 Be7 14. Qc2 Re8 15. Rad1 Rc8 16. Rfe1 h6 17. Be3 Qa5 18. h3 Bb4 19. Bd4 Qd8 20. a3 Bxc3 21. Qxc3 Rc7 22. Kh2 Re6 23. b4 Qe8 24. Qb2 Bc8 25. f4 Ba6 26. e3 Qd8 27. f5 Re8 28. e4 dxe4 29. Bxa7 Rd7 30. Rxd7 Qxd7 31. Bd4 Qxf5 32. Bxf6 gxf6 33. Qc1 h5 34. Qxc6 Bb5 35. Qb6 h4 36. Qe3 Bd3 37. gxh4 Kh7 38. a4 Qd7 39. Qf4 Qe7 40. Re3 Qxb4 41. Rxd3 Qxa4 42. Rg3 1-0

[Event "RUS Cup tt"]
[Site "Sochi"]
[Date "2023.11.28"]
[Round "2.19"]
[White "Komissarov, Alexey"]
[Black "Novozhilov, Alexandr"]
[Result "1/2-1/2"]
[WhiteElo "1986"]
[BlackElo "1846"]
[PlyCount "95"]
[EventDate "2023.11.27"]
[EventType "team-swiss"]
[EventRounds "7"]
[EventCountry "RUS"]
[SourceTitle "CB49_2023"]
[SourceDate "2023.12.06"]
[SourceVersion "1"]
[SourceVersionDate "2023.12.06"]
[SourceQuality "1"]
[WhiteTeam "Vserossiyskoe slepykh"]
[BlackTeam "Kherson"]
[WhiteTeamCountry "RUS"]
[BlackTeamCountry "RUS"]

1. e4 e5 2. Nf3 Nf6 3. Nc3 Nc6 4. g3 Bb4 5. Bg2 0-0 6. 0-0 Re8 7. d3 Bxc3 8. bxc3 d5 9. exd5 Nxd5 10. Bd2 Bg4 11. Qb1 Rb8 12. Ng5 Nxc3 13. Qb3 Ne2+ 14. Kh1 Be6 15. Nxe6 Rxe6 16. Qc4 Rd6 17. Rab1 Ned4 18. f4 h6 19. Rbe1 b5 20. Qc3 b4 21. Qb2 f6 22. fxe5 Nxe5 23. Bf4 Rb5 24. Re4 a5 25. Rfe1 Rc5 26. Bxe5 fxe5 27. Rxe5 Rxe5 28. Rxe5 Qf6 29. Re8+ Kh7 30. c3 Re6 31. Rxe6 Nxe6 32. d4 bxc3 33. Qxc3 Qxd4 34. Qc2+ g6 35. h3 Kg7 36. Be4 g5 37. Kh2 Nc5 38. Bh7 Qd6 39. Bf5 h5 40. Qc3+ Kf7 41. Qxa5 Qe5 42. Bc8 Qe2+ 43. Kg1 Qe3+ 44. Kh2 Qf2+ 45. Kh1 Qf1+ 46. Kh2 Qf2+ 47. Kh1 Qf1+ 48. Kh2 1/2-1/2